Analysis, synthesis, and design of chemical processes / (Record no. 57317)

MARC details
000 -LEADER
fixed length control field 00979nam a22002657a 4500
005 - DATE AND TIME OF LATEST TRANSACTION
control field 20111005135751.0
008 - FIXED-LENGTH DATA ELEMENTS--GENERAL INFORMATION
fixed length control field 111005t xxu||||| |||| 00| 0 eng d
010 ## - LCCN (DPL NO)
LC control number ENG-103881
020 ## - INTERNATIONAL STANDARD BOOK NUMBER
International Standard Book Number 9788120343993
Terms of availability 725.00
035 ## - SYSTEM CONTROL NUMBER
System control number EN-87414
037 ## - SOURCE OF ACQUISITION
Source of stock number/acquisition DBAD / PUB
040 ## - CATALOGING SOURCE
Original cataloging agency dpl
Language of cataloging Eng
082 ## - DEWEY DECIMAL CLASSIFICATION NUMBER
Classification number 660.2812
100 ## - MAIN ENTRY--PERSONAL NAME
9 (RLIN) 24913
245 ## - TITLE STATEMENT
Title Analysis, synthesis, and design of chemical processes /
Statement of responsibility, etc by Richard Turton ... [et al.].
250 ## - EDITION STATEMENT
Edition statement 3rd ed
260 ## - PUBLICATION, DISTRIBUTION, ETC. (IMPRINT)
Place of publication, distribution, etc New Delhi
Name of publisher, distributor, etc PHI Learning
Date of publication, distribution, etc 2011
270 ## - ADDRESS
Address M-97 Connaught Circus
City New Delhi
Postal code 110001
300 ## - PHYSICAL DESCRIPTION
Extent xxxiii,1068p. :
Dimensions 25cm (pbk)
Other physical details ill.
Accompanying material 1CD-ROM
500 ## - GENERAL NOTE
General note Includes bibliographical references and index.
650 ## - SUBJECT ADDED ENTRY--TOPICAL TERM
9 (RLIN) 35248
Topical term or geographic name as entry element Chemical processes.
700 ## - ADDED ENTRY--PERSONAL NAME
9 (RLIN) 24920
Personal name Turton, Richard
942 ## - ADDED ENTRY ELEMENTS (KOHA)
Source of classification or shelving scheme Dewey Decimal Classification
Item type English Books
Call number suffix ANA
Classification part 660.2812
Holdings
Withdrawn status Lost status Source of classification or shelving scheme Damaged status Not for loan Collection code Home library Current library Date acquired Source of acquisition Cost, normal purchase price Total Checkouts Full call number Barcode Date last seen Copy number Cost, replacement price Koha item type
    Dewey Decimal Classification   Not For Loan Non-fiction D.B.Act.Division D.B.Act.Division 05/10/2011 DBAD/PUB 725.00   660.2812 ANA EN-87414 05/10/2011 1 725.00 English Books

© Delhi Public Library
Hit Counter
free hit counter